Name the Nickname - Statistics

General Stats
  • This quiz has been taken 21 times
  • The average score is 6 of 16
Answer Stats
Hint Answer % Correct
Dwayne Douglas Johnson The Rock
89%
Theodor Seuss Geisel Dr. Seuss
74%
Stefani Joanne Angelina Germanotta Lady Gaga
74%
Orenthal James Simpson OJ Simpson
74%
Peter Gene Hernandez Bruno Mars
37%
Eric Arthur Blair George Orwell
37%
Fang Shilong Jackie Chan
21%
Olajide Olayinka Williams Olatunji KSI
21%
James Stephen Donaldson MrBeast
21%
Mark Sinclair Vin Diesel
21%
Daniel Robert Middleton DanTDM
16%
Seán William McLoughlin Jacksepticeye
16%
Mark Edward Fischbach Markiplier
16%
Felix Arvid Ulf Kjellberg PewDiePie
16%
Alia Shelesh SSSniperWolf
16%
Robert James Rallison TheOdd1sOut
16%
No matching quizzes found
Score Distribution
Percent of People with Each Score
Percentile by Number Answered
Your Score History
You have not taken this quiz